[Event "European Blitz-ch 2018"]
[Site "Skopje"]
[Date "2018.12.06"]
[Round "1"]
[White "Unuk, Laura"]
[Black "Brkic, Ante"]
[Result "0-1"]
[WhiteElo "2253"]
[BlackElo "2563"]
[Annotator "TA"]
[PlyCount "116"]
[EventDate "2018.12.06"]
[EventType "swiss"]
[EventCountry "MKD"]
[SourceTitle "playchess.com"]
[Source "ChessBase"]
[SourceQuality "1"]

{[%evp 19,116,0,14,4,3,0,-8,-25,-41,-30,-30,-85,-97,-141,-150,-136,-133,-100,-137,-166,-156,-202,-181,-147,-110,-230,-229,-239,-188,-224,-231,-400,-233,-222,-235,-282,-258,-321,-362,-364,-357,-358,-361,-346,-337,-404,-399,-491,-491,-456,-416,-423,-397,-556,-397,-394,-294,-295,-298,-545,-538,-538,-529,-579,-562,-520,-467,-614,-607,-541,-424,-387,-400,-553,-559,-1141,-1120,-1072,-1043,-862,-861,-925,-760,-662,-594,-1553,-1310,-5193,-4901,-29968,-29969,-29971,-29972,-29974,-29982,-29982,-29983,-29982,-29983]} 1. d4 d5 2. c4 e6 3. Nf3 Nf6 4. g3 Bb4+ 5. Bd2 Be7 6. Bg2 {E11: Bogo-Indian} Nbd7 (6... O-O 7. O-O Nbd7 8. Nc3 c6 9. Bf4 dxc4 10. e4 Re8 11. a4 b6 12. d5 exd5 13. exd5 Bb7 14. a5 bxa5 15. d6 Bf8 16. Nd2 Nd5 17. Nxd5 cxd5 18. Nxc4 dxc4 19. Bxb7 {½-½ (42) Nakamura,H (2777)-Karjakin,S (2773) Saint Louis 2018}) 7. Qc2 c6 8. O-O b6 9. Bf4 Bb7 10. Rd1 Rc8 {LiveBook: 12 Games} 11. Nc3 dxc4 12. e4 O-O 13. a4 a6 14. h4 $146 ({Predecessor:} 14. Ne5 Nxe5 15. Bxe5 b5 16. Bh3 Qb6 17. Rd2 Rcd8 18. Rad1 Rfe8 19. Bg2 h6 {½-½ (36) Matthiesen,M (2342)-Hansen,S (2566) Denmark 2006}) 14... b5 {[%cal Bb6b5,Bb5b4][%mdl 32]} 15. Ng5 (15. e5 $11 Nd5 16. Ng5) 15... h6 $17 16. Nf3 b4 17. Ne2 c5 {aiming for ...cxd4.} 18. d5 exd5 19. exd5 Bxd5 20. Ne5 {[#]} Bxg2 $1 21. Kxg2 {Black should prevent Nxd7.} Qb6 {Hoping for ...Nxe5.} 22. Qxc4 (22. Nxc4 $17 {was called for.} Qc6+ 23. f3) 22... Nxe5 $19 23. Bxe5 Rfd8 24. Nf4 Qc6+ 25. f3 $2 (25. Kg1) 25... Rxd1 (25... Ng4 $142 26. Qe2 Re8) 26. Rxd1 Qxa4 27. Re1 Qb5 28. Qc2 c4 29. Bd4 Qd7 30. Rd1 {[#] Threatens to win with Bxf6.} Qc6 31. Re1 Bf8 32. Bxf6 Qxf6 33. Nd5 Qc6 34. Qf5 {White hopes to continue with Re7.} c3 35. bxc3 bxc3 36. Rc1 (36. Ne3 $142) 36... c2 37. Ne3 {[%cal Rc1c2]} Qe6 38. Qxe6 fxe6 39. Rxc2 $2 (39. Kf1 {only move.}) 39... Rxc2+ 40. Nxc2 {[%mdl 4096] Endgame KB-KN} Bc5 41. Kf1 Kf7 42. Ke2 Kf6 43. g4 Ke5 44. Ne1 Bd4 45. Nd3+ Kd6 46. Nb4 a5 {[%cal Ba6a5,Ba5a4,Ba4a3][%mdl 32]} 47. Na2 Kd5 48. Kd3 e5 49. Nc1 a4 50. Na2 a3 51. Nb4+ Kc5 52. Na2 Bb2 53. Kc2 Kd4 54. Kb3 Ke3 {Black mates.} 55. Nb4 Kxf3 56. g5 hxg5 57. hxg5 e4 {[%cal Be5e4,Be4e3][%mdl 32]} 58. Nd5 e3 {Accuracy: White = 27%, Black = 91%.} 0-1

[Event "European Blitz-ch 2018"]
[Site "Skopje"]
[Date "2018.12.06"]
[Round "1"]
[White "Iskos, Alexandros"]
[Black "Djukic, Nikola"]
[Result "0-1"]
[WhiteElo "2215"]
[BlackElo "2574"]
[Annotator "TA"]
[PlyCount "96"]
[EventDate "2018.12.06"]
[EventType "swiss"]
[EventCountry "MKD"]

{[%evp 18,96,24,2,6,0,28,0,25,33,18,0,0,0,47,-6,38,-18,0,-27,-32,-115,-115,-122,-104,-132,-72,-128,-70,-74,-34,-106,-3,-78,48,-56,0,0,0,0,0,0,0,-37,-20,-60,-10,-11,-7,-92,-85,-199,0,0,0,0,22,-97,-89,-107,-69,-69,-69,-79,-83,-73,-44,-74,-40,-178,-59,-61,-61,-60,-62,-218,-214,-209,-208,-29993,-29994]} 1. e4 c5 2. Nf3 d6 3. Bb5+ Nd7 4. c3 Ngf6 5. Qe2 a6 6. Ba4 b5 7. Bc2 Bb7 8. O-O e6 9. d4 {B51: Sicilian: Moscow Variation (3 Bb5+) without 3...Bd7} Be7 10. Nbd2 {LiveBook: 23 Games} Rc8 (10... O-O 11. e5 Nd5 12. Ne4 Qc7 13. exd6 Bxd6 14. Nxd6 Qxd6 15. dxc5 Qxc5 {½-½ (58) Kovalev,V (2648)-Grandelius,N (2652) Sharjah 2018}) 11. Bb1 $146 {The position is equal.} ({Predecessor:} 11. Bd3 Qb6 12. b3 O-O 13. Re1 Rfd8 14. Bb2 Bf8 15. a4 cxd4 16. cxd4 g6 17. axb5 axb5 {0-1 (60) Vlashki,N (2077)-Gupta,A (2470) Yerevan 2007}) 11... Qc7 12. Re1 cxd4 13. cxd4 O-O 14. h3 e5 15. d5 Qb8 16. b3 (16. Nf1 $14) 16... Bd8 17. Bb2 ({White should play} 17. a4 $14) 17... Bb6 18. Bd3 Nc5 19. Rac1 (19. Bb1 $15) 19... Nxd3 $17 20. Qxd3 Qa7 21. Qe2 a5 (21... Nh5 $142 $1 {[%cal Rh5g3] aiming for ...Ng3.} 22. Nh4 Nf4) 22. Nf1 {[#]} (22. Nh4 $142) 22... Nh5 (22... Nxe4 $1 $17 {[%cal Rb6f2][%mdl 512]} 23. Qxe4 Bxf2+ {[%mdl 64] Double Attack} 24. Kh2 f5) 23. g3 Rxc1 24. Rxc1 (24. Bxc1 $15 Nf6 25. Kg2) 24... Bc8 (24... f5 $17 25. Nxe5 dxe5 26. Qxh5 Bxf2+ 27. Kg2 Bd4 28. Bxd4 Qxd4) 25. Kg2 (25. Rc6 $11 {remains equal.}) 25... Bd7 (25... f5 $17 26. Nxe5 dxe5 27. Qxh5 fxe4) 26. Ne3 ({White should try} 26. Nxe5 $14 dxe5 27. Qxh5) 26... g6 (26... Bxe3 $15 27. Qxe3 (27. fxe3 Nf6 $15) 27... Qxe3 28. fxe3 f5) 27. Ng4 $11 f6 28. Rc2 Ng7 29. Bc1 h5 30. Ngh2 Qb7 31. Nf1 Rc8 (31... f5 $5 {[%cal Rf5e4]} 32. Ng5 fxe4 $17) 32. Be3 Bd8 33. Qd2 {[#]} (33. Kh2 $11) 33... f5 $1 $17 34. exf5 {[#]} (34. Rxc8 $17 Qxc8 35. exf5) 34... Nxf5 $2 ({Don't play} 34... Bxf5 35. Rxc8 Qxc8 36. Ng1 $17) (34... Rxc2 $1 $19 35. Qxc2 Bxf5) 35. Rxc8 $1 $11 Bxc8 36. Bg5 $1 {[%cal Rg5d8]} Bb6 37. Nh4 (37. Qd3 $11) 37... Nxh4+ 38. Bxh4 Bf5 $36 {[%mdl 2048] Threatens to win with ...Be4+. White is under pressure.} 39. Ne3 Bxe3 40. fxe3 Be4+ 41. Kh2 b4 42. Qf2 Qxd5 {White must now prevent ...Qd1.} 43. Bg5 (43. g4 $15) 43... Bf5 {[#]} (43... Qd1 $19 {[%csl Ge4][%cal Rd1h1]} 44. g4 hxg4) 44. g4 $1 $15 {[%mdl 512]} hxg4 45. hxg4 Bxg4 {Hoping for ...Bf5.} 46. Bh6 $2 (46. Qf6 $15 Qf7 47. Kg2) 46... Bf5 $19 47. Qh4 Qd2+ 48. Kg3 $2 (48. Kg1 $19 Qd1+ 49. Kh2) 48... Qe1+ {Accuracy: White = 25%, Black = 37%.} 0-1

[Event "European Blitz-ch 2018"]
[Site "Skopje"]
[Date "2018.12.06"]
[Round "1"]
[White "Muter, Donny"]
[Black "Van Foreest, Jorden"]
[Result "0-1"]
[WhiteElo "2206"]
[BlackElo "2614"]
[Annotator "TA"]
[PlyCount "120"]
[EventDate "2018.12.06"]
[EventType "swiss"]
[EventCountry "MKD"]

{[%evp 18,120,-29,-36,-15,-33,-7,-2,-9,-21,0,0,52,0,38,-47,-38,-47,-46,-64,-64,-64,-62,-62,-49,-80,-66,-68,-66,-65,-62,-71,-66,-69,-67,-62,-51,-52,-52,-71,-71,-80,-80,-78,-52,-89,-83,-89,-70,-70,-78,-78,-70,-70,-52,-52,-52,-55,-52,-76,-52,-72,-52,-79,-53,-79,-68,-79,-79,-118,-118,-118,-118,-96,-79,-265,-72,-95,-72,-72,-31,-92,-72,-72,-31,-124,0,-72,-72,-79,-79,-257,-79,-301,-79,-434,0,-272,-250,-29979,-29980,-29980,-29981,-29986,-5457]} 1. d4 e6 2. Nf3 c5 3. e3 Nf6 4. Bd3 b6 5. O-O Bb7 6. c3 Be7 7. Nbd2 d5 8. Ne5 O-O {D05: Colle System with ...e6} 9. Qf3 (9. f4 Ne4 10. Nxe4 dxe4 11. Bc4 Bd5 12. Qe2 f6 13. Ng4 Bxc4 14. Qxc4 Qd5 15. Qxd5 exd5 16. f5 {½-½ (63) Stripunsky,A (2566)-Ivanov,A (2530) ICC INT 2012}) 9... Nbd7 10. Qh3 {LiveBook: 7 Games} g6 {Black is slightly better.} 11. f4 Ne4 12. Nxe4 dxe4 13. Be2 cxd4 $146 ({Predecessor:} 13... Bf6 14. Rd1 Qe7 15. b3 Bg7 16. a4 {1-0 (65) Manny,R (2071)-Janosi,E (2240) IECG email 2005}) 14. exd4 a6 (14... f5 $11) 15. a4 (15. Bc4 $14) 15... Nf6 16. Ng4 (16. g4 $14) 16... Nxg4 $15 17. Qxg4 Qd7 18. Be3 b5 19. axb5 axb5 20. Qg3 Rfd8 21. Qe1 Bd5 22. Qd2 Qc6 23. Rfc1 Bc4 24. Kf2 Bh4+ 25. g3 Bf6 26. Qc2 Qd5 (26... Bxe2 {keeps more tension.} 27. Qxe2 Kg7 28. Re1 Be7 29. Rec1 Bd6) 27. Bxc4 bxc4 28. Rxa8 Rxa8 29. Rb1 Ra2 30. Kg1 h5 31. Qd1 Kg7 32. Qc1 Be7 (32... Qb7 {seems wilder.} 33. h3 Be7 34. Qc2 f5 35. Qe2 Qb5) 33. Ra1 Rxa1 34. Qxa1 Qf5 35. Qd1 Qb5 36. Qc2 Qb7 37. Kf2 f5 38. Kg2 Qa6 39. Qb1 Qa4 40. Kf2 Qb3 41. Qc1 Qa2 42. Kg1 h4 {[%cal Bh5h4,Bh4h3][%mdl 32]} 43. Bf2 h3 $1 44. Kf1 Kf7 45. Ke1 Ke8 46. Be3 $2 {[#]} (46. Bg1 $17 {was worth a try.}) 46... Kd7 $2 (46... Ba3 $1 $19 {[%mdl 512] is more deadly.} 47. Qc2 (47. bxa3 Qxh2) 47... Qxb2 48. Qxb2 Bxb2) 47. Bf2 Kc6 48. Be3 Kb5 49. Bf2 (49. Kd1 $15) 49... Bd6 50. Be3 Bc7 51. Bd2 (51. Kd1 $15) 51... Bd6 (51... g5 $142 52. fxg5 Bxg3+ 53. Ke2 (53. hxg3 e3 $11) 53... Bxh2) 52. Be3 $17 Kc6 53. Bd2 Kd7 54. Be3 $2 {[#]} (54. Ke2 $17 {keeps fighting.}) 54... Ke7 $2 (54... Ba3 $1 $19 {[%mdl 512]} 55. Ke2 (55. bxa3 Qxh2) 55... Bxb2) 55. Kf1 $2 {[#]} (55. Bg1 $17 {is a better defense.}) 55... Kf7 $2 (55... Ba3 $1 $19 {[%cal Ra3b2][%mdl 512] and Black stays clearly on top.} 56. Qc2 (56. bxa3 Qg2+) 56... Qxb2 57. Qxb2 Bxb2) 56. Ke1 $2 {[%mdl 8192] [#]} (56. Bd2 $17) 56... Be7 $2 ({Black should try} 56... Ba3 $1 $19 {[%mdl 512]} 57. d5 (57. bxa3 Qxh2) 57... Bxb2 58. dxe6+ Kxe6) 57. Kf1 $2 {[%mdl 8192] [#]} (57. Bf2 $1 $11 {and White stays safe.}) 57... Ba3 $1 $19 {[%mdl 512]} 58. bxa3 $2 (58. Qc2 $19 Qxb2 59. Qxb2 Bxb2 60. Bd2) 58... Qg2+ {Black mates.} ({Less strong is} 58... Qxh2 59. Qd2 $17) 59. Ke1 Qxh2 60. Qd2 Qxd2+ {Precision: White = 28%, Black = 41%.} (60... Qh1+ $142 61. Ke2 h2 62. Qe1 Qxe1+ 63. Kxe1 h1=Q+ 64. Ke2 Qf3+ 65. Kd2 Qf1 66. a4 Qd3+ 67. Kc1 Qxe3+ 68. Kc2 Qd3+ 69. Kc1 Qxc3+ 70. Kb1 Qb3+ 71. Kc1 c3 72. a5 Qb2+ 73. Kd1 Qd2#) 0-1

[Event "European Blitz-ch 2018"]
[Site "Skopje"]
[Date "2018.12.06"]
[Round "1"]
[White "Bogoevski, Jani"]
[Black "Stevic, Hrvoje"]
[Result "0-1"]
[WhiteElo "2190"]
[BlackElo "2587"]
[Annotator "TA"]
[PlyCount "42"]
[EventDate "2018.12.06"]
[EventType "swiss"]
[EventCountry "MKD"]
[SourceTitle "playchess.com"]
[Source "ChessBase"]
[SourceQuality "1"]

{[%evp 15,42,0,8,-10,0,-39,-39,-56,-45,-69,-69,-102,-116,-147,-151,-164,-158,-158,-171,-154,-15,-191,-204,-396,-191,-196,-75,-325,-304]} 1. Nf3 c5 2. c4 Nc6 3. g3 g6 4. Bg2 Bg7 5. Nc3 d6 6. O-O e5 7. d3 Nge7 8. Rb1 O-O {LiveBook: 165 Games. A37: Symmetrical English vs ...g6: 4 Bg2 Bg7 5 Nf3} 9. e3 (9. Ne1 Be6 10. Nc2 d5 11. cxd5 Nxd5 12. Ne4 b6 13. Ng5 Bc8 14. Ne3 Nde7 15. a3 a5 16. Bd2 h6 17. Nf3 Be6 18. a4 Qc7 19. b3 Rad8 {0-1 (57) Lalith,B (2529)-Wei,Y (2732) Chengdu 2017}) 9... h6 10. h3 $146 ({Predecessor:} 10. a3 a5 11. Nb5 Be6 12. b3 Qd7 13. d4 Bf5 {0-1 (25) Courteille,T (1264)-Brueckner,H (1640) LSS email 2014}) 10... Be6 {Black is slightly better.} 11. Nd2 d5 12. cxd5 Nxd5 13. Nxd5 Bxd5 14. Ne4 Bxa2 15. Ra1 Bd5 16. Qa4 b6 17. Rd1 Na5 {[#]} (17... a6 $17 {Strongly threatening ...Nb4.} 18. Bd2 Qd7) 18. Nc3 $2 (18. Nxc5 $1 $11 {[%mdl 512]} Bxg2 (18... bxc5 19. Qxa5) 19. Kxg2) 18... Bb3 $19 {[%mdl 64] Double Attack} 19. Qb5 $2 (19. Qg4 {is a better defense.}) 19... Bxd1 (19... a6 $142 20. Rxa5 axb5 21. Rxa8 Qd7 22. Rxf8+ Kxf8) 20. Bxa8 Bc2 (20... a6 $19 21. Qxa6 Nb3) 21. Be4 $2 (21. Bd5 $17) 21... Nb3 {Accuracy: White = 13%, Black = 35%.} 0-1

[Event "European Blitz-ch 2018"]
[Site "Skopje"]
[Date "2018.12.06"]
[Round "1"]
[White "Chernyak, Viktoria"]
[Black "Esipenko, Andrey"]
[Result "0-1"]
[WhiteElo "2186"]
[BlackElo "2593"]
[Annotator "TA"]
[PlyCount "82"]
[EventDate "2018.12.06"]
[EventType "swiss"]
[EventCountry "MKD"]
[SourceTitle "playchess.com"]
[Source "ChessBase"]
[SourceQuality "1"]

{[%evp 27,82,20,36,19,25,18,14,0,0,-27,0,0,19,-1,6,0,9,0,18,16,27,11,8,24,25,0,0,0,0,0,0,0,0,0,0,0,0,0,0,-65,0,0,46,20,21,14,43,0,0,-429,-427,-541,-529,-29987,-460,-5497,-5497]} 1. Nf3 Nf6 2. c4 e6 3. g3 b6 4. Bg2 Bb7 5. O-O Be7 6. Nc3 O-O 7. Re1 Ne4 8. Nxe4 Bxe4 9. d3 Bb7 10. e4 c5 11. d4 cxd4 12. Nxd4 d6 13. b3 {A17: English Opening: 1...Nf6 with ...Bb4} a6 14. Bb2 Qc7 {LiveBook: 4 Games} 15. Rc1 {White is slightly better.} (15. Qg4 g6 16. e5 Bxg2 17. exd6 Bxd6 18. Kxg2 Nd7 19. Nf3 Rad8 20. Rad1 Be7 {1-0 (54) Gelfand,B (2729)-Inarkiev,E (2702) Nazran 2017}) 15... Nd7 {[%cal Bb8d7,Bd7f6,Bf6e4][%mdl 32]} 16. Kh1 $146 ({Predecessor:} 16. Qd2 Bf6 17. Rcd1 Nc5 18. f4 Rfd8 19. Qf2 Rac8 20. Qe2 Nd7 {½-½ (46) Marquez Abreu,C (2387)-Koskela,T (2461) ICCF email 2009}) 16... Rac8 17. f4 Rfe8 18. Qg4 Nf6 19. Qe2 Qb8 20. g4 d5 21. cxd5 exd5 22. e5 Ne4 23. Nf5 Bf8 24. Bd4 Rxc1 25. Rxc1 Nc5 26. Qd2 Ne6 27. Bxb6 d4 28. Bxd4 {Be3 is the strong threat.} Rd8 {[#] White must now prevent ...Bxg2+.} 29. Qe3 Qa8 30. Bxb7 Qxb7+ 31. Kg1 Qd5 {[%cal Re6d4]} 32. Bb6 Rb8 $1 33. b4 ({White should play} 33. Rc4 $11) 33... g6 ({Better is} 33... Rxb6 $15 34. Qxb6 Nxf4) 34. Ng3 $11 Bh6 35. g5 Bf8 36. Ne4 Be7 37. a3 {Strongly threatening Qf3.} Rxb6 $1 {[%mdl 64] [#] Deflection} 38. Qxb6 $4 {[%mdl 8192]} (38. f5 $1 $11 {and White stays safe.}) 38... Qxe4 $19 39. Rc8+ Kg7 {aiming for ...Qe1+.} 40. Qa7 Bf8 (40... Nxf4 $142 41. Qf2 Nh3+ {[%mdl 64] Double Attack} 42. Kf1 Nxf2 43. Kxf2 Bxg5 44. Kf1 Qf5+ 45. Ke2 Qxc8 46. Kd3 Qh3+ 47. Kd4 Qxa3 48. Kc4 Qa2+ 49. Kc3 Qxh2 50. Kd4 Qf4+ 51. Kc5 Qxe5+ 52. Kc4 Qe4+ 53. Kb3 Bf6 54. Ka4 Qc2+ 55. Ka3 Kh8 56. b5 Be7#) 41. Re8 (41. Qxa6 $142 Qe3+ 42. Kf1) 41... Nxf4 {Accuracy: White = 36%, Black = 56%.} 0-1

[Event "European Blitz-ch 2018"]
[Site "Skopje"]
[Date "2018.12.06"]
[Round "1"]
[White "Smolka, Marcin"]
[Black "Mamedov, Rauf"]
[Result "0-1"]
[WhiteElo "2178"]
[BlackElo "2703"]
[Annotator "TA"]
[PlyCount "49"]
[EventDate "2018.12.06"]
[EventType "swiss"]
[EventCountry "MKD"]
[SourceTitle "playchess.com"]
[Source "ChessBase"]
[SourceQuality "1"]

{[%evp 17,49,30,22,24,28,36,47,45,39,39,32,-38,-31,-26,-26,-33,-40,-44,-39,-52,-35,-113,-114,-122,-115,-379,-359,-968,-970,-1046,-1031,-923,-821,-29996]} 1. e4 c5 2. c4 Nc6 3. Ne2 g6 4. d4 cxd4 5. Nxd4 Bg7 6. Be3 Qb6 7. Nb5 {B38: Sicilian: Maroczy Bind with 5...Bg7 and 7...0-0} Qa5+ 8. N1c3 Nf6 9. f3 O-O {LiveBook: 8 Games} 10. Be2 d6 11. O-O a6 {[%cal Ba7a6,Ba6b5,Bb5b4][%mdl 32]} 12. Nd4 Nxd4 13. Bxd4 Be6 14. Qd2 ({Better is} 14. b3 $14) 14... Rfc8 $15 15. b3 $146 b5 $1 {[%cal Rb5c4]} 16. cxb5 axb5 17. Rfd1 b4 18. Na4 {Hoping for Nb6.} Nd7 {[%cal Bf6d7,Bd7c5,Bc5a4,Ba4c3][%mdl 32]} 19. Rac1 (19. Rdc1 $15) 19... Bxd4+ $17 20. Qxd4 {[#]} Nc5 $1 21. e5 $2 {[%mdl 8192]} (21. Rb1 $17 {was worth a try.}) 21... Nxa4 $19 22. exd6 $2 (22. Rxc8+ Rxc8 23. bxa4 dxe5 24. Qb2) 22... Nc3 {Black is clearly winning.} 23. Rxc3 bxc3 24. dxe7 c2 25. Qf4 {Accuracy: White = 18%, Black = 92%.} 0-1

[Event "European Blitz-ch 2018"]
[Site "Skopje"]
[Date "2018.12.06"]
[Round "1"]
[White "Podetti, Davide"]
[Black "Bartel, Mateusz"]
[Result "1/2-1/2"]
[WhiteElo "2163"]
[BlackElo "2600"]
[Annotator "TA"]
[PlyCount "129"]
[EventDate "2018.12.06"]
[EventType "swiss"]
[EventCountry "MKD"]

{[%evp 9,129,-34,-15,-22,14,8,13,0,0,-5,0,0,0,0,14,0,40,40,43,21,33,20,6,-45,-45,-93,-86,-70,-83,-91,-85,-93,-33,-107,-37,-100,-55,-69,0,0,0,0,6,0,5,7,11,3,37,43,44,41,35,38,36,8,3,8,28,21,31,27,34,31,41,8,181,179,462,423,497,546,550,567,566,591,583,576,562,545,543,571,768,694,477,14,14,0,461,8,41,8,8,8,8,8,8,0,66,0,0,0,0,0,0,0,0,0,0,0,0,0,0,0,0,0,0,0,0,0,0,0]} 1. d4 Nf6 2. Nc3 d5 3. Bg5 e6 4. Qd3 Nbd7 5. Nf3 h6 6. Bf4 {D01: Veresov Opening} a6 7. e4 Bb4 {aiming for ...dxe4.} 8. exd5 Nxd5 9. Bd2 N5f6 $146 ({Predecessor:} 9... O-O 10. Be2 Re8 11. O-O Bd6 12. Ne4 Nf4 13. Bxf4 Bxf4 {½-½ (22) Mueller,G (2469)-Raupp,T (2630) ICCF corr 2002}) 10. a3 Be7 11. Be2 c5 12. d5 {dxe6 is the strong threat.} c4 13. Qxc4 Nb6 14. Qb3 Nbxd5 15. O-O-O O-O 16. Kb1 (16. Nxd5 $11 Qxd5 17. Qxd5 exd5 18. Be3) 16... b5 $15 17. Ne5 Bb7 18. Bf3 Rc8 19. Rhe1 Qc7 20. Nxd5 Nxd5 (20... Bxd5 $17 21. Bxd5 Nxd5) 21. Bc1 (21. Bg4 $15) 21... Bc5 (21... Bd6 $17 22. Ng4 Rfd8) 22. Nd3 (22. Bg4 $1 $15) 22... Bb6 23. Re2 Qc4 (23... Rfd8 $15) 24. Qxc4 $11 bxc4 25. Nb4 {[%cal Rb4d5]} Rfd8 26. Nxd5 Bxd5 27. Bxd5 exd5 28. c3 d4 29. cxd4 Rxd4 30. Rxd4 Bxd4 $14 {[%mdl 4096] Endgame KRB-KRB} 31. Kc2 f5 32. f3 Kf7 33. Bd2 Rc6 34. Bc3 Bg1 35. h3 g5 36. Bb4 Kg6 37. Kc3 Bh2 $2 {[#]} (37... Kh5 $1 $11) 38. Kd4 $1 $18 Kh5 $2 (38... Kf7 {might work better.} 39. Re7+ Kf6) 39. Kd5 ({But not} 39. g4+ Kh4 $18) 39... Rc8 40. g4+ {[%mdl 64] Double Attack, Discovered Attack} Kh4 41. Rxh2 {[%cal Rb4e1] KRB-KR} Kg3 42. Bd6+ f4 43. Rc2 Kxf3 44. Rxc4 Re8 45. b4 Kg2 46. Rc2+ Kxh3 {Now ...f3 and Black clings on.} 47. Rc3+ $2 ({White must play} 47. a4 $18) 47... Kxg4 $11 48. a4 f3 $2 {[%mdl 8192] [#]} (48... h5 $11) 49. Bc5 $2 (49. b5 $1 $18) 49... Kg3 50. b5 axb5 $1 51. axb5 g4 52. b6 {Black must now prevent b7.} Kg2 $1 53. b7 Rb8 (53... g3 $1 $11 54. Bd6 f2 55. Rxg3+ Kh1) 54. Rb3 (54. Rc2+ $14 Kh1 55. Kc6) 54... g3 {Strongly threatening ...f2.The position is equal.} 55. Bd6 Rxb7 56. Rxb7 f2 57. Rb1 h5 58. Ke4 h4 59. Ke3 {And now Ke2 would win.} f1=Q 60. Rxf1 Kxf1 61. Kf3 g2 62. Bh2 g1=Q 63. Bxg1 Kxg1 64. Kg4 h3 65. Kxh3 {Accuracy: White = 43%, Black = 34%.} 1/2-1/2

[Event "European Blitz-ch 2018"]
[Site "Skopje"]
[Date "2018.12.06"]
[Round "1"]
[White "Krunic, Dusan"]
[Black "Sebenik, Matej"]
[Result "0-1"]
[WhiteElo "2161"]
[BlackElo "2536"]
[Annotator "TA"]
[PlyCount "54"]
[EventDate "2018.12.06"]
[EventType "swiss"]
[EventCountry "MKD"]
[SourceTitle "playchess.com"]
[Source "ChessBase"]
[SourceQuality "1"]

{[%evp 20,54,-8,-48,-38,-62,-47,-74,0,-72,-59,-147,-148,-147,-148,-204,-139,-236,-197,-239,-234,-276,-237,-283,-279,-368,-359,-885,-870,-860,-814,-1629,-1256,-1256,-1254,-1239,-1239]} 1. e4 c5 2. Nc3 g6 3. f4 Bg7 4. Nf3 Nc6 5. Bb5 Nd4 6. O-O Nxb5 7. Nxb5 d5 {B23: Closed Sicilian: Lines without g3} (7... d6 8. d3 Nf6 9. Qe1 h6 10. Nc3 b6 11. b3 O-O 12. f5 gxf5 13. Qh4 Ng4 14. h3 Bxc3 15. hxg4 e6 16. Bg5 hxg5 17. Nxg5 {1-0 (62) Adhiban,B (2671)-Oparin,G (2626) Monzon 2016}) 8. exd5 a6 9. Nc3 Nf6 10. d3 Nxd5 11. Ne4 {LiveBook: 3 Games} b6 12. a3 O-O 13. Qe1 Bb7 (13... Qc7 $17) 14. Ne5 $146 (14. f5 $11) ({Predecessor:} 14. Qg3 Rc8 15. f5 {0-1 (39) Sherif,A (1572)-Heinemann,J (1843) Oberhof 2012}) 14... Qc7 $17 15. c4 {[#]} ({White should try} 15. Ng5 $15) 15... Nxf4 $1 {[%mdl 576] Remove Defender} 16. Bxf4 {Strongly threatening Nxg6!} Bxe5 17. Qh4 (17. Bxe5 $17 Qxe5 18. Qc3 Qxc3 19. bxc3) 17... Bxe4 18. dxe4 (18. Bxe5 $17 Qxe5 19. Qxe4 Qxb2 20. Rab1 Qxa3 21. Rxb6) 18... Bxf4 19. Rxf4 Qe5 20. Raf1 f6 ({Resist} 20... Qxb2 21. Qxe7 Qd4+ 22. Kh1 $19) 21. Qh6 Rad8 22. h4 Rd4 23. h5 $2 (23. R4f2) 23... g5 $19 {Black is clearly winning.} 24. Rf5 Qg3 25. e5 Rd2 {[%csl Gd2][%cal Rg3g2][%mdl 64] [#] Double Attack} 26. R1f2 Rxf2 27. Rxf2 Qxe5 {Accuracy: White =  4%, Black = 87%.} 0-1

[Event "European Blitz-ch 2018"]
[Site "Skopje"]
[Date "2018.12.06"]
[Round "1"]
[White "Spirliadis, Achileas"]
[Black "Demchenko, Anton"]
[Result "0-1"]
[WhiteElo "2153"]
[BlackElo "2679"]
[Annotator "TA"]
[PlyCount "46"]
[EventDate "2018.12.06"]
[EventType "swiss"]
[EventCountry "MKD"]
[SourceTitle "playchess.com"]
[Source "ChessBase"]
[SourceQuality "1"]

{[%evp 21,46,24,25,-75,-63,-127,-109,-187,-184,-184,-183,-226,-149,-254,-250,-337,-297,-284,-275,-218,-189,-347,-223,-187,-219,-746,-731]} 1. d4 Nf6 2. c4 g6 3. Nc3 Bg7 4. e4 O-O 5. Nge2 d6 6. Ng3 e5 7. d5 a5 8. Be2 Na6 9. h4 h5 10. Bg5 {E70: King's Indian: Miscellaneous lines with 4 e4, including 5 Nge2 and 5 Bd3 0-0 6 Nge2} Qe8 11. Qd2 Bd7 {LiveBook: 4 Games} (11... Kh7 12. f3 Ng8 13. Nb5 b6 14. a3 Bd7 15. b4 f6 16. Be3 f5 17. exf5 gxf5 18. Bg5 e4 19. Rb1 exf3 20. gxf3 axb4 21. axb4 Bxb5 22. cxb5 {1-0 (35) Aronian,L (2794)-Naiditsch,A (2701) Karlsruhe/Baden-Baden 2018}) 12. O-O (12. f3 $11) 12... Nh7 $17 13. Bh6 $146 (13. Rfe1 $15) ({Predecessor:} 13. Bd3 Nxg5 14. hxg5 Qd8 15. f4 exf4 16. Qxf4 Be5 17. Qh4 f6 18. gxf6 Bxf6 19. Qh2 Be5 20. Rxf8+ Kxf8 21. Kh1 h4 22. Nce2 Kg8 23. Rf1 Qg5 {0-1 (23) Morffi,A-Lopez,B (2290) Cuba 2000}) 13... Qe7 14. Bg5 (14. Be3 $17) 14... Nxg5 $19 15. hxg5 f6 16. gxf6 Qxf6 17. Nd1 (17. Bd1 $17 {was necessary.}) 17... Nc5 18. Bf3 Kh7 19. Re1 Bh6 20. Qe2 Rf7 21. b3 $2 (21. Nf1) 21... Raf8 22. Nf1 Qg5 {[#] Threatens to win with ...Rxf3.} 23. Rb1 $2 (23. Nh2) 23... Rxf3 {Accuracy: White = 24%, Black = 100%.} 0-1